|
|
|
|
| LEADER |
00903cam a2200205 7i4500 |
| 001 |
0000004330 |
| 005 |
20170218090000.0 |
| 020 |
|
|
|a 0471350834 (hbk.)
|
| 090 |
0 |
0 |
|a T50
|b .F54 2000
|
| 100 |
1 |
|
|a Figliola, Richard S
|
| 245 |
1 |
0 |
|a Theory and design for mechanical measurements
|c Richard S. Figliola, Donald E. Beasley.
|
| 260 |
|
|
|a New York:
|b John Wiley & Sons, Inc.,
|c [2000].
|
| 300 |
|
|
|a xiv, 536 p.:
|b ill.;
|c 26 cm..
|
| 501 |
|
|
|a Matlab application files to accompany : theory and design for mechanical measurements / Richard S. Figliola, Donald E. Beasley
|
| 504 |
|
|
|a Includes bibliographical references and index
|
| 650 |
0 |
0 |
|a Mensuration
|
| 700 |
1 |
|
|a Beasley, Donald E
|
| 997 |
|
|
|a Communication, Visual Art & Computing, Faculty
|b Computing, Department
|
| 999 |
|
|
|a 0000002754
|b BOK
|c OPEN SHELF
|e 2nd Floor, Bestari Jaya
|
| 999 |
|
|
|a CDR0001265
|b CD-ROM
|c OPEN SHELF
|e Circulation Counter, Bestari Jaya
|